000 00459nam a22001817a 4500
003 MPLRDC
005 20220104124300.0
008 210129b ||||| |||| 00| 0 eng d
020 _a7-5059-0566-X
082 _a874.57 NOR
100 _a罗宾. 诺伍德
245 _a爱情与痴情
_c杨红等译
250 _a一版一刷
260 _a
_b中国文联出版公司
_c1988
300 _b
650 _a美国现代小说
942 _cBK
_o874.57 NOR
999 _c18084
_d18074